00582nam a22001697a 4500999001900000003000500019005001700024008004100041038001000082082001700092100002200109245012600131260003900257300000900296942001200305952009500317 c523641d523641NUST20190516102707.0190516b ||||| |||| 00| 0 eng d aAZHAR a301.452bMAR 4Victor E. Marsden aWorld conquest through world Government (Yahudi Protocols)bthe protocols of the learned elders of zioncVictor e Marsden aLahorebNagarshat publishersc2010 a230p 2ddccBK 00102ddc4070aCLbCLd2019-05-16l0o301.452 MARpCL-E-2000r2019-05-16w2019-05-16yBK